Educación: planteamientos para la formulación de una teoría
Gardado en:
| Autor Principal: | |
|---|---|
| Formato: | Libro |
| Idioma: | Lingua castelá |
| Publicado: |
Lima
Zapata Santillana
1983
|
| Series: | Colección Educación Superior
|
| Subjects: | |
| Tags: |
Engadir etiqueta
Sen Etiquetas, Sexa o primeiro en etiquetar este rexistro!
|
MARC
| LEADER | 00000nam a2200000 a 4500 | ||
|---|---|---|---|
| 001 | UCT0343 | ||
| 003 | CL-VaPUC | ||
| 008 | 960830e19830000PE |||||||||||||||||spa|d | ||
| 082 | 0 | 4 | |a 370.1 |b CAP |2 21 |
| 100 | 0 | |a Capella Riera, Jorge |e author |9 368986 | |
| 245 | 1 | 0 | |a Educación: planteamientos para la formulación de una teoría |
| 300 | |a v | ||
| 942 | |c BK | ||
| 945 | |d 19960830 00:00:00 |a rleighto | ||
| 260 | |a Lima |b Zapata Santillana |c 1983 | ||
| 650 | 0 | |a Planificación de la educación |9 307333 | |
| 650 | 0 | |a Ciencia |9 255691 | |
| 650 | 7 | |a TEORIA |2 CL-VaPUC |9 368987 | |
| 650 | 7 | |a CIENCIAS HUMANAS |2 CL-VaPUC |9 351082 | |
| 650 | 0 | |a Ciencias sociales |9 256351 | |
| 650 | 0 | |a Educación superior |9 223851 | |
| 583 | |a last modification |c 19960830 00:00:00 |k Rodrigo Vera | ||
| 490 | 0 | |a Colección Educación Superior | |
| 999 | |c 251367 |d 251365 | ||
| 952 | |0 0 |1 0 |4 0 |6 370_100000000000000_CAP_1983 |7 0 |8 P |9 270477 |a BIBEDU |b BIBEDU |c BIBEDU_PB |d 2019-11-19 |h v.1 |i 3226948 |o 370.1 CAP 1983 |p 3226948 |r 2024-01-25 |w 2019-11-19 |y BK |k EDU | ||
| 952 | |0 0 |1 0 |4 0 |6 370_100000000000000_CAP_1983 |7 0 |8 P |9 270478 |a BIBEDU |b BIBEDU |c BIBEDU_PB |d 2019-11-19 |h v.2 |i 3226956 |o 370.1 CAP 1983 |p 3226956 |r 2024-01-25 |w 2019-11-19 |y BK |k EDU | ||